Normal view
MARC view
Entry Personal Name
001 - CONTROL NUMBER
- control field: 12748
003 - CONTROL NUMBER IDENTIFIER
- control field: OSt
005 - DATE AND TIME OF LATEST TRANSACTION
- control field: 20181112154434.0
008 - FIXED-LENGTH DATA ELEMENTS
- fixed length control field: 181112|| aca||aabn | a|a d
040 ## - CATALOGING SOURCE
- Original cataloging agency: OSt
- Transcribing agency: OSt
100 ## - HEADING--PERSONAL NAME
- Personal name: Kapur,K.Gopal;
670 ## - SOURCE DATA FOUND
- Source citation: Work cat.: (OSt): Kapur,K.Gopal;, project management for Information ,Technology,Business,and Certificate, 2005.
